000 00305nam a22001217a 4500
008 180419 b xxu||||| |||| 00| 0 eng d
041 _aeng
080 _a043.3
100 _a0
101 _aSHKI-BTH
245 _aKrijimi i shabllonit për ndërtimit e Uebsajteve Lisboa Theme
_cLumi,A
942 _2udc
_cBK
999 _c45311
_d45311